Historiografia vývoja účtovníctva krajín V4 bakalárska práca

Salvato in:
Dettagli Bibliografici
Autore principale: Méryová, Denisa
Ente Autore: Národohospodárska fakulta EU. Katedra financií
Altri autori: Staríčková, Zuzana
Natura: Libro
Lingua:slovacco
Pubblicazione: Bratislava 2018
Tags: Aggiungi Tag
Nessun Tag, puoi essere il primo ad aggiungerne!!

MARC

LEADER 00000nbm a2200000 4500
001 0245917
005 20181214085355.3
041 0 |a slo 
044 |a SK 
245 1 0 |a Historiografia vývoja účtovníctva krajín V4  |b bakalárska práca  |c Denisa Méryová ; školiteľ: Zuzana Staríčková 
264 1 |a Bratislava  |c 2018 
300 |a 47 s. 
100 1 |a Méryová, Denisa 
700 1 |a Staríčková, Zuzana 
710 2 |a Národohospodárska fakulta EU. Katedra financií